مكتبة جامعة عجلون الوطنية

فهرس بحث المكتبة

Normal view MARC view
  • اللغة-علم اللغة-تعلم اللغة الفرنسية وقواعدها-اللغة الفرنسية

Entry Topical Term

Number of records used in: 1

001 - CONTROL NUMBER

  • control field: 20391

003 - CONTROL NUMBER IDENTIFIER

  • control field: JO-AjAnu

005 - DATE AND TIME OF LATEST TRANSACTION

  • control field: 20230606073540.0

008 - FIXED-LENGTH DATA ELEMENTS

  • fixed length control field: 230606|| aca||aabn | a|a d

040 ## - CATALOGING SOURCE

  • Original cataloging agency: JO-AjAnu
  • Transcribing agency: JO-AjAnu

150 ## - HEADING--TOPICAL TERM

  • Topical term or geographic name entry element: اللغة-علم اللغة-تعلم اللغة الفرنسية وقواعدها-اللغة الفرنسية

670 ## - SOURCE DATA FOUND

  • Source citation: Work cat.: (JO-AjAnu)10471: الجبالي,حمزه تأليف, author 20390, تعلم اللغة الفرنسية: اللغة الفرنسية وقواعدها بدون معلم